| 000 | 01820nam a2200313 4500 | ||
|---|---|---|---|
| 001 | 113841 | ||
| 003 | DR-UNIBE | ||
| 005 | 20250708093412.0 | ||
| 008 | 250708b2013 dr ||||| |||| 00| 0 spa d | ||
| 040 |
_aBIBLIOTECA UNIBE _bspa _cBIBLIOTECA UNIBE _erda |
||
| 041 | _aspa | ||
| 082 |
_222 _aRD 372.6 M777c |
||
| 100 | 1 | 0 |
_aMontenegro, Liliana _955076 _eautor |
| 100 | 1 | 0 |
_aCamacho, Virgen _9197090 _eautor |
| 100 | 1 | 0 |
_aRosario, Yenny _9197091 _eautor |
| 245 | 1 | 0 |
_aCuaderno de trabajo de lengua española: _b1er grado / _cLiliana Montenegro, Virgen Camacho, Yenny Rosario [y otro ] |
| 250 | _aPrimera edición | ||
| 260 |
_aSanto Domingo: _bPontificia Universidad Católica Madre y Maestra (PUCMM) : _bMinisterio de Educación (MINERD): _bAgencia Internacional para el Desarrollo de los Estados Unidos(USAID), _c2013 |
||
| 300 |
_a84 páginas : _bilustraciones a color; _c27 x 21 cm |
||
| 500 | _aEste cuaderno de trabajo contiene ejercicios de aplicación e las guías "Talleres integrados de lectoescritura" para primer grado de la escuela básica | ||
| 505 | _aIntroducción | Cuadernos de ejercicios para la guía 1 "el nombre propio y familia" | Cuadernos de ejercicios para la guía 2 "Textos narrativos" | Cuadernos de ejercicios para la guía 3 " Textos informativos y apelativos" | ||
| 650 | 7 |
_2lemb _aEspañol _vCuaderno de trabajo _xEnseñanza _xEducación primaria _9197098 |
|
| 700 | 1 | 0 |
_aAcevedo, Jenny _9197092 _eautor |
| 700 | 1 | 0 |
_aOlloqui, Marta de _9196988 _ediseñador _ediagramador _eilustrador |
| 700 | 1 | 0 |
_aGonzález, Sebastían B. _9197093 _ediseñador _ediagramador _eilustrador |
| 700 | 1 | 0 |
_aCantera, Santiago Pablo _9197094 _ediseñador _ediagramador _eilustrador |
| 710 | 1 | 0 |
_aPrograma Escuelas Efectivas-Lengua Española (PEF-LE) _9197095 _ecolaboración lingüística y pedagógica |
| 942 |
_2ddc _cBK |
||
| 999 |
_c113841 _d113841 |
||